=LDR 00000nam 2200000 4500 =001 INLIS000000000033685 =005 20130612135626 =008 ***********************************ind** =035 ##$$0010-061300000033685 =041 ##$$a ind =082 ##$$a 796.345 =090 ##$$a 796.345, Hus b =100 ##$$a Husnul =245 ##$$a Bermain Bulu Tangkis, yuk !, Ade Husnul M =260 ##$$a 2008 $b Bogor =300 ##$$a iv,59 hlm, ilus, 20 cm =650 ##$$a Bulu nTangkis =850 ##$$a NBPNMAT